| 000 | 00792cab a2200241 4500 | ||
|---|---|---|---|
| 001 | ABS43396 | ||
| 008 | 090401t1990 xxu||||| |||| 00| 0 eng d | ||
| 035 | _a(Sirsi) u41540 | ||
| 041 | _aeng | ||
| 100 | _aAndrusz, G. | ||
| 245 | _aHousing in Eastern Europe and the USSR | ||
| 260 | _c1990 | ||
| 350 | _a0 | ||
| 490 |
_aTown & Country Planning _vJuly/August 1990, 59(7/8) 204-206(3) |
||
| 520 | _aOutlines the development of both private and public sector housing in Eastern Europe and the USSR , in particular, Prague and Moscow . Includes information on funding , ownership and development rights. | ||
| 650 | _aJOINT VENTURES | ||
| 650 | _aPRIVATE SECTOR | ||
| 650 | _aPUBLIC SECTOR | ||
| 650 | _aSHELTER | ||
| 690 | _aOVERSEAS-EUROPE | ||
| 942 | _n0 | ||
| 948 | _c04/03/1997 | ||
| 999 |
_c26671 _d26671 |
||